00952nam a2200241Ia 4500003000400000005001700004008004100021020001800062040001800080041000800098082002300106100003000129245005500159250001200214260006600226300003000292650003100322650005100353650007400404942003600478999001900514952017700533OSt20241022131857.0210716s2009 xx 000 0 und d a9780070140806 cAIMIT LIBRARY aeng a005.1332 21bSCHH aSchildt, Herbert.9182919 aC# 3.0:bcomplete reference /cBy Herbert Schildt. a1st ed. aNew Delhi :bTata McGraw Hill Publishing Company Ltd ;c2009. axxv,886,9p. ;bPBc24 cm. aArrays and strings9182920 aInterfaces structures and enumerations9182921 aUnsafe code pointers nullable types and miscellaneous topics 9182922 2ddccBKe1st ed.k005.1332 SCHH c189572d189572 00102ddc40708MCAaAIMITbAIMITeHigginbothams Pvt Ltdg595.00iBill no:9525; Bill dt:2007-10-30l0o005.1332 SCHHpMCA09080r2025-07-21 00:00:00v446.25w2021-07-16yBK